All Kelsea Ballerini Songs - Statistics

General Stats
  • This quiz has been taken 40 times
  • The average score is 61 of 99
Answer Stats
Answer % Correct
Rolling Up The Welcome Mat Penthouse
91%
Rolling Up The Welcome Mat (For Good) Penthouse (Healed Version)
91%
The First Time Peter Pan
91%
Unapologetically Unapologetically
91%
Rolling Up The Welcome Mat Mountain With A View
87%
Patterns Patterns
87%
Patterns Sorry Mom
87%
Subject To Change Subject To Change
87%
Patterns Baggage
83%
The First Time Dibs
83%
Rolling Up The Welcome Mat Blindsided
78%
Kelsea Homecoming Queen?
78%
Unapologetically Legends
78%
The First Time The First Time
78%
Patterns First Rodeo
74%
Kelsea Half Of My Hometown (ft Kenny Chesney)
74%
Subject To Change If You Go Down (I'm Goin' Down Too)
74%
Rolling Up The Welcome Mat Interlude
74%
Rolling Up The Welcome Mat (For Good) Interlude (Full Length)
74%
Rolling Up The Welcome Mat Just Married
74%
Rolling Up The Welcome Mat Leave Me Again
74%
Kelsea Overshare
74%
Center Point Road Center Point Road (Thomas Rhett & Kelsea Ballerini)
70%
Kelsea Hole In The Bottle
70%
Single Hole In The Bottle (Kelsea Ballerini ft Shania Twain)
70%
Single I Quit Drinking (ft LANY)
70%
Kelsea LA
70%
Kelsea The Other Girl (ft Halsey)
70%
Kelsea Bragger
65%
Subject To Change Heartfirst
65%
Rolling Up The Welcome Mat (For Good) How Do I Do This
65%
Unapologetically I Hate Love Songs
65%
Subject To Change Marilyn
65%
Patterns Two Things
65%
Patterns Two Things (Stripped) (Digital Download Bonus Track)
65%
Subject To Change Universe
65%
Subject To Change Walk In The Park
65%
Subject To Change Weather
65%
Subject To Change What I Have
65%
The First Time Yeah Boy
65%
The First Time Yeah Boy (Acoustic) (Walmart Deluxe Edition Bonus Track)
65%
Subject To Change You're Drunk, Go Home (ft Kelly Clarkson & Carly Pearce)
65%
Patterns Cowboys Cry Too (ft Noah Kahan)
61%
Patterns Did You Make It Home? (Outro)
61%
Patterns Future Tripping (Deluxe Edition Bonus Track)
61%
Unapologetically Graveyard
61%
Patterns How Much Do You Love Me
61%
Subject To Change I Guess They Call It Fallin'
61%
Patterns I Would, Would You
61%
Kelsea Love And Hate
61%
The First Time Love Me Like You Mean It
61%
Unapologetically Miss Me More
61%
Unapologetically Roses
61%
Subject To Change The Little Things
61%
Patterns To The Men That Love Women After Heartbreak (Deluxe Editon Bonus Track)
61%
Patterns We Broke Up
61%
Kelsea A Country Song
57%
Kelsea Club
57%
Patterns Cut Me Up (Deluxe Edition Bonus Track)
57%
Patterns Deep
57%
Subject To Change Doin' My Best
57%
Subject To Change I Can't Help Myself
57%
Subject To Change Love Is A Cowboy
57%
Kelsea Love Me Like A Girl
57%
Unapologetically Music
57%
Kelsea Needy
57%
Patterns Put It To Bed (Deluxe Edition Bonus Track)
57%
The First Time Secondhand Smoke
57%
Patterns This Time Last Year
57%
Patterns Beg For Your Love
52%
Songland Better Luck Next Time
52%
Patterns Hindsight Is Happiness (Deluxe Edition Bonus Track)
52%
The First Time Looking At Stars
52%
Unapologetically Machine Heart
52%
Subject To Change Muscle Memory
52%
Patterns Nothing Really Matters
52%
The First Time Stilettos
52%
Sick Boy This Feeling (The Chainsmokers ft Kelsea Ballerini)
52%
Patterns Wait!
52%
Non-Album Single We Were Like
52%
The First Time Boy Meets Girl (10th Anniversary Edition Bonus Track)
48%
Unapologetically Fun And Games (Deluxe Edition Bonus Track)
48%
Unapologetically High School
48%
Unapologetically I Think I Fell In Love Today (Deluxe Edition Bonus Track)
48%
Unapologetically Landslide (Deluxe Edition Bonus Track)
48%
The First Time Sirens
48%
The First Time Square Pegs
48%
Kelsea The Way I Used To
48%
The First Time XO
48%
Girl Of My Dreams (Deluxe Edition) Better Version (Fletcher ft Kelsea Ballerini)
43%
Unapologetically End Of The World
43%
Unapologetically Get Over Yourself
43%
Unapologetically In Between
43%
Things That We Drink To Dance With Me (Morgan Evans ft Kelsea Ballerini)
39%
Love + Everything Else If We Never Met (John K ft Kelsea Ballerini)
39%
The First Time Underage
39%
They Don't Know First Time Again (Jason Aldean & Kelsea Ballerini)
30%
Greatest Hits Shut Up Train (Little Big Town & Kelsea Ballerini)
30%
The First Time Out Of The Blues (Walmart Deluxe Edition Bonus Track)
13%
No matching quizzes found
Score Distribution
Percent of People with Each Score
Percentile by Number Answered
Your Score History
You have not taken this quiz